| 000 | 01419cad a22002775a 4500 | ||
|---|---|---|---|
| 001 | L158754 | ||
| 008 | 100521s2015 xxkd f s 000 0 eng d | ||
| 035 | _a(Sirsi) u158754 | ||
| 041 | 0 | _aeng | |
| 050 | 0 | 4 | _a331.281333 $2 18 |
| 110 | 2 |
_aRoyal Institution of Chartered Surveyors _94900 |
|
| 240 | 0 | 4 | _aThe RICS and Macdonald and Company salary survey |
| 245 | 0 | 4 |
_aThe RICS and Macdonald and Company Asia rewards and attitudes survey 2015 _bexecutive summary and key findings _h[electronic resource] |
| 260 |
_aLondon _bMacdonald and Company _aLondon _bRICS _c2015 |
||
| 300 | _a17p. | ||
| 520 | _aKey findings from the RICS and Macdonald and Company Rewards and Attitudes Survey 2015. The story is a positive one suggesting that employees? salaries are rising at a similar rate to the year before, bonuses remain robust and companies are set to continue hiring at a consistent level. Compared to 12 months ago, the survey is notable for respondents? reduced confidence for ongoing growth in 2015. | ||
| 520 | _aA full copy of the report is not available in the Library. | ||
| 521 | 2 | _aAdvanced | |
| 590 | _aKA | ||
| 650 | 2 | 4 | _aRICS SALARY AND BENEFITS SURVEYS |
| 651 | 4 | _aAsia | |
| 690 | _aBusiness and management | ||
| 710 | 2 |
_aMacdonald and Company _93846 |
|
| 856 | 4 | 0 |
_uhttps://www.macdonaldandcompany.com/salary-survey-asia _zView the item free of charge at www.macdonald.andcompany.com |
| 942 | _n0 | ||
| 999 |
_c115489 _d115489 |
||